00973cam a2200265 a 4500008004100000010001700041020003200058020002900090020004700119020004400166020003000210020002700240050002200267245009700289250001300386260005600399300003900455504006400494650003300558650001800591650003900609650002400648700001600672700001900688150928s2011 maua b 001 0 eng c a 2009941954 a9781439081747 (student ed.) a1439081743 (student ed.) z9781439081761 (annotated instructor's ed.) z143908176X (annotated instructor's ed.) a9781439086193 (pbk. : IE) a1439086192 (pbk. : IE)00aLB2343.3.B43 201100aBecoming a master student /cDoug Toft, contributing editor ; Dean Mancina, faculty advisor. a13th ed. aBoston, MA :bWadsworth, Cengage Learning,c©2011. axiv, 402 p. :bcol. ill. ;c28 cm. aIncludes bibliographical references (p. 387-392) and index. 0aCollege student orientation. 0aStudy skills. 7aCollege student orientation.2fast 7aStudy skills.2fast1 aToft, Doug.1 aMancina, Dean.